000 01606nam a22004457a 4500
001 000096788
003 CHAP
005 20220329143213.0
008 070129d2006 mx r 00110 spa d
010 _a93254
011 _a94226
035 _a104811
040 _cCHAP
090 _aTesis
100 1 _aJuárez Luke, Nora Rebeca.
_962441
245 1 0 _aEstado actual del conocimiento de Bursera linanoe (La Llave) Rzedowski, Calderón et Medina. /
_c/por Nora Rebeca Juárez Luke.
260 _aChapingo, Méx. :
_bEl autor,
_c2006.
300 _a144 h. :
_bilus.; cuadros, mapas.
502 _aTesis (Ing. Forestal) - - UACH. División de Ciencias Foarestales
590 _aALEPH
_b10
_c20130110
_lUCH01
_h1516
590 _aBATCH-UPD
_b10
_c20130110
_lUCH01
_h0744
590 _aBATCH-UPD
_b10
_c20130410
_lUCH01
_h0425
590 _aBATCH-UPD
_b10
_c20130913
_lUCH01
_h1857
590 _aBATCH-UPD
_b10
_c20140324
_lUCH01
_h1501
590 _aBATCH-UPD
_b10
_c20141002
_lUCH01
_h0833
590 _aCONVERSION
_b10
_c20130109
_lUCH01
_h1352
590 _aE11695DGD
_b10
_c20130528
_lUCH01
_h1451
650 1 4 _aAceites esenciales.
_9455
650 1 4 _aArtes y oficios
_xGuerrero.
_97753
650 1 4 _aLinaloe.
_966894
650 1 4 _aMadera
_xAnálisis.
_969595
650 1 4 _aMadera
_xPropiedades y usos.
_969621
856 _3Finding aid
_uhttp://10.13.5.2/tesis/104811.pdf
_zTeclea aquí
901 _aBK
905 _aElisama A. H.
942 _cCD
942 _n0
949 _aTesis
_bBC
_cTES
_d33724002007132
_eTS2
_fc.2
_h46305
_i104811
_si
949 _aTesis
_bBC
_cTES
_d33724002007173
_eTS1
_h46304
_i104811
_sb
999 _c93254
_d93254